00601nam a2200169 a 450000100100000000500170001000800410002702000150006804000250008308200150010810000330012324500880015626000310024430000260027595201130030199900170041400003693720200930080031.0120207s19uu 000 0 spa d a0984063943 aDO-SdBNPbspacBNPHU axxxxbxxxx1 aRamos, Marcos Antonio93425410aHacia los orígenes :bdominicanos en la historia de cuba /cMarcos Antonio Ramos. a[s.l.],c[s.e.].c[s. f.]. a94 p. :bil ;c22 cm. 001050718MOaGRbGRcHDd2012-02-07iLF1l0oxxxx xxxxp36937-10r2020-06-25w2020-06-25y1ZNo se presta c36427d36427